000 00498nam a2200181Ia 4500
001 18863
005 20260306171702.0
008 260306s9999||||xx |||||||||||||| ||und||
041 _aESP
082 _a658.503
_bG23
100 _aGarcía Márquez, Fausto Pedro
_eAUT
245 0 _aDirección y gestión de la producción:
_buna aproximación mediante la simulación
260 _c2013
300 _axxi, 340 páginas :
_c23 cm.
650 _aGEN
654 _aCAN
942 _cLIB
_dJUS
_fJUS
_2ddc
_n
999 _c18863
_d18863